Expose : the art of tattoo /

Saved in:
Bibliografiske detaljer
Hovedforfatter: O'Sullivan Tim
Format: Bog
Sprog:engelsk
Udgivet: London Robinson 1993
Tags: Tilføj Tag
Ingen Tags, Vær først til at tagge denne postø!

MARC

LEADER 00000nam a2200000 4500
001 CDOM0000001186
003 mi
005 20250818142809.0
008 250818b |||||||| |||| 00| 0 eng d
020 |a 1854872249 
020 |a 9781854872241 
040 |c mi 
100 |a O'Sullivan  |b Tim 
245 1 |a Expose :  |b the art of tattoo /  |c Tim O'Sullivan 
260 |a London  |b Robinson  |c 1993 
300 |a 96 p.  |c per la maggior parte foto. (col.)  |c 28 cm. 
942 |2 ddc  |c BK 
952 |0 0  |1 0  |2 ddc  |4 0  |6 B_AFT01OSUTIEXP11  |7 1  |9 8223  |a MI  |b MI  |d 2005-08-25  |i 4720  |l 0  |o B-AFT01-OSUTI-EXP11  |p CDOM4720  |r 2025-07-17 21:50:00  |w 2025-07-17  |x ACQUISTO  |y BK 
999 |c 6883  |d 6883